• 首页
  • 本馆介绍
  • 公告通知
  • 最新文献
  • 馆藏检索
  • 电子资源
  • 读者导购
  • 参考咨询
  • 我的图书馆
  • 登录
  • 详细信息显示
  • 放入我的书架
  • 预约/预借图书
  • 作者相关作品
  • 分类相关作品
  • 丛书相关作品
  • 出版社相关作品

书目信息

  • 表格格式
  • 工作单格式
  • 卡片格式
题名:
中国新石器时代陶器装饰艺术
    
 
作者: 吴山 编
分册:  
出版信息: 北京   文物出版社  1982
页数: 360页
开本: 25cm
丛书名: 中国古代装饰艺术丛书
单 册:
中图分类: J527
科图分类:
主题词: 陶瓷--中国--古代--图集
电子资源:
ISBN:
000 00711nam2 2200253 45
001 0182007860
005 20060818163829.01
010    @dCNY3.90
091    @aCN@b8068.836
100    @a19950612d1982 em y0chiy0121 ea
101 0  @achi
102    @aCN@b110000
105    @af z 000yy
200 10 @a中国新石器时代陶器装饰艺术@Azhong guo xin shi qi shi dai tao qi zhuang shi yi shu@f吴山编
210    @a北京@c文物出版社@d1982
215    @a360页@c插图@d25cm
225 2  @a中国古代装饰艺术丛书
410  0 @120010@a中国古代装饰艺术丛书
606    @a陶瓷@y中国@z古代@x图集
690    @aJ527@v3
701  0 @a吴山@Awu shan@4编
801  2 @aCN@bNLC@c20060818
801  0 @aCN@bTSSF
905    @a10447@dJ527@e150
    
    中国新石器时代陶器装饰艺术/吴山编.-北京:文物出版社,1982
    360页:插图;25cm.-(中国古代装饰艺术丛书)
    
    
    ISBN :CNY3.90
    
●
相关链接 在E读中查询图书 在五车中查询图书 在当当中查询图书 在豆瓣中查询图书


正题名:中国新石器时代陶器装饰艺术     索取号:J527/150         预约/预借

序号 登录号 条形码 馆藏地/架位号 状态 备注
1 0466637   204666370   密集书库/ [索取号:J527/150] 在馆    
唐山师范学院图书馆 欢迎您!
大连网信软件有限公司© 版权所有